00977nam a22002414i 4500001001900000003000400019005001700023008004100040017004600081020001800127040002900145100002100174245020300195264002800398300002700426490001100453504001700464505013100481650003900612650003100651650004200682830001100724991061040263406706OSt20231205120209.0231102e202309 spc|||||||||||||| ||spa|c aDL. B.17947-2023bBiblioteca de Catalunya a9788411660037 aES-BaUOCbcaterdacCDMR1 aMoreno, Angeles,10aExcelencia en comunicación :bcómo desarrollar, dirigir y liderar comunicaciones excepcionales (European Communication Monitor) /cÁngeles Moreno [i 6 més] ; prólogo de Juan Carlos Molleda 1aBarcelona :bUOC,c2023 a341 pàgines ;c24 cm1 aDircom aBibliografia aConté aportacions de: Cristina Fuentes-Lara, Noelia Zurro-Antón, Ralph Tench, Ansgar Zerfass, Dejan Vercic, Piet Verhoeven 0aComunicació en l'empresazEuropa 0aGabinets de premsazEuropa 7aCultura organitzativa.2lemaczEuropa 0aDircom